EPIC: The Musical - Lyrics Sort #18 - The Underworld - Statistics

General Stats
  • This quiz has been taken 69 times
  • The average score is 28 of 48
Answer Stats
Hint Answer % Correct
Line 1 Friends, Circe's instructions were clear
100%
Line 2 No matter what we hear
100%
Line 3 Full speed ahead, until we find the prophet
86%
Line 4 My comrades, this land confuses your mind
83%
Line 6 Full speed ahead, until we find the prophet (good)
81%
Line 5 So no matter who we find
78%
Line 7 All I hear are screams, every time I dare to close my eyes [1]
75%
Line 9 Nothing's what it seems (Nothing's what it seems) [1]
75%
Line 8 I no longer dream, only nightmares of those who've died [1]
72%
Line 14 Captain! Captain! Captain! Captain!
61%
Line 15 Why would you let the cyclops live when ruthlessness is mercy?
61%
Line 13 558 men who died under your command
58%
Line 16 All I hear are screams, every time I dare to close my eyes [2]
58%
Line 10 And here in the Underworld, the past seems close behind [1]
58%
Line 21 I keep thinking of the infant from that night [2]
58%
Line 22 This life is amazing when you greet it with open arms
58%
Line 12 When does a man become a monster?
58%
Line 28 Greet the world with open arms [2]
56%
Line 20 I keep thinking of the Infant from that night [1]
56%
Line 18 Nothing's what it seems (nothing's what it seems) [2]
56%
Line 11 This land confuses your mind
56%
Line 42 All I hear are screams (all I hear are screams)
53%
Line 39 And ventured too far (I'll stay in your heart)
53%
Line 41 Bye mom
53%
Line 37 Can't you see? (Waiting) I'm waiting
53%
Line 36 Even if you're the last thing I see, I'll be waiting (I'm right here, mom)
53%
Line 43 Every time I dare to close my eyes (I no longer dream)
53%
Line 27 Greet the world with open arms [1]
53%
Line 26 Here's how to start
53%
Line 17 I no longer dream, only nightmares of those who've died [2]
53%
Line 38 I took too long (I'll always love you)
53%
Line 25 No matter the place, we can light up the world
53%
Line 29 Polites [2]
53%
Line 30 Waiting [1]
53%
Line 40 While you were waiting, waiting, waiting
53%
Line 33 Mom?
50%
Line 35 Odysseus, when you come home I'll be waiting
50%
Line 31 That voice, it can't be
50%
Line 24 Whatever we face, we'll be fine if we're leading from the heart
50%
Line 48 Down in the Underworld
47%
Line 23 (Polites) [1]
47%
Line 32 Waiting [2]
47%
Line 34 Waiting [3]
47%
Line 45 Nothing's what it seems, nothing's what it seems [3]
44%
Line 19 But here in the Underworld, the past seems close behind [2]
42%
Line 46 But in the Underworld, your past is always close behind
42%
Line 47 Your past is always close behind
42%
Line 44 Only nightmares of those who've died
39%
No matching quizzes found
Score Distribution
Percent of People with Each Score
Percentile by Number Answered
Your Score History
You have not taken this quiz